Otra vez Bartleby (Registro nro. 24536)
[ vista simple ]
| 000 -CABECERA | |
|---|---|
| Longitud fija campo de control | 00598nam a2200205 4500 |
| 003 - IDENTIFICADOR DELl NÚMERO DE CONTROL | |
| Identificador del número de control | OSt |
| 005 - FECHA Y HORA DE LA ÚLTIMA TRANSACCIÓN | |
| Fecha y hora de la última transacción | 20160127170055.0 |
| 008 - CÓDIGOS DE INFORMACIÓN DE LONGITUD FIJA | |
| Códigos de información de longitud fija | 040415s2003 sp | o||| ||spa |
| 020 ## - NÚMERO INTERNACIONAL NORMALIZADO PARA LIBROS | |
| Número Internacional Normalizado para Libros (ISBN) | 84-89795-77-0 |
| 040 ## - FUENTE DE LA CATALOGACIÓN | |
| Centro transcriptor | BMC |
| 082 ## - NÚMERO DE LA CLASIFICACIÓN DECIMAL DEWEY | |
| Númeroo de clasificación | 861 |
| 100 1# - PUNTO DE ACCESO PRINCIPAL-NOMBRE DE PERSONA | |
| Nombre de persona | Rosal, María |
| 9 (RLIN) | 38131 |
| 245 10 - MENCIÓN DE TÍTULO | |
| Título | Otra vez Bartleby |
| Mención de responsabilidad, etc. | María Rosal |
| 260 ## - PUBLICACIÓN, DISTRIBUCIÓN, ETC. (PIE DE IMPRENTA) | |
| Lugar de publicación, distribución, etc. | Madrid |
| Nombre del editor, distribuidor, etc. | Ayuntamiento de Cáceres |
| -- | Vitruvio |
| Fecha de publicación, distribución, etc. | 2003 |
| 300 ## - DESCRIPCIÓN FÍSICA | |
| Extensión | 79 p. |
| Dimensiones | 21 cm |
| 490 ## - MENCIÓN DE SERIE | |
| Mención de serie | Poesía Ciudad de Cáceres |
| Designación de volumen o secuencia | 12 |
| 586 ## - NOTA DE PREMIOS | |
| Nota de premios | XV edición del premio de poesía Cáceres Patrimonio de la Humanidad |
| 650 24 - PUNTO DE ACCESO ADICIONAL DE MATERIA - TÉRMINO DE MATERIA | |
| 9 (RLIN) | 357 |
| Término de materia o nombre geográfico como elemento inicial | Poesía española |
| 942 ## - ENTRADA DE ELEMENTOS AGREGADOS (KOHA) | |
| Fuente de clasificaión o esquema | Dewey Decimal Classification |
| Koha [por defecto] tipo de item | 1- Monografias |
| Suprimido | Perdido | Fuente de clasificación o esquema | Estropeado | Restricciones de uso | No para préstamo | Código de colección | Localización permanente | Localización actual | Localización en estanter&íacute;as | Fecha adquisición | Fuente de adquisición | Número de inventario | Préstamos totales | Signatura completa | Código de barras | Fecha última consulta | Coste, precio reemplazado | Fecha del precio de reemplazo | Tipo de item de Koha |
|---|---|---|---|---|---|---|---|---|---|---|---|---|---|---|---|---|---|---|---|
| NULL | NULL | Dewey Decimal Classification | NULL | Prestable | NULL | NULL | Biblioteca Miguel de Cervantes - UNICAES | Biblioteca Miguel de Cervantes - UNICAES | Sala Principal | 21/01/2016 | Donación - ADESH | 031901 | P ROS otr | 1036257 | 21/01/2016 | 11.00 | 21/01/2016 | 1- Monografias |